Dobrovoľníci: prípadové štúdie

Uloženo v:
Podrobná bibliografie
Další autoři: MAROŠIOVÁ, L. (Editor), MAJCHRÁK, J. (Editor)
Médium: Kniha
Jazyk:slovenština
Vydáno: Bratislava : IVO - Inštitút pre verejné otázky, 2005
Vydání:1. vyd.
Témata:
ISBN:8088935806
On-line přístup: Získat plný text
Tagy: Přidat tag
Žádné tagy, Buďte první, kdo vytvoří štítek k tomuto záznamu!

MARC

LEADER 00000nam a2200000 4500
003 SK-BrCVT
005 20230525123625.0
008 221214c2005 xo slo
020 |a 8088935806  |c 100.00 Sk 
035 |a CVTIDW0022338 
040 |a CVTISR  |c CVTISR  |e AACR2 
041 |a slo 
044 |a xo  |c SK 
245 0 |a Dobrovoľníci: prípadové štúdie  |c Editori: L. MAROŠIOVÁ, J. MAJCHRÁK 
250 |a 1. vyd. 
260 1 |a Bratislava :  |b IVO - Inštitút pre verejné otázky,  |c 2005 
300 |a 70 s. 
655 4 |a informačný materiál  |9 35567 
700 1 |a MAROŠIOVÁ, L.  |4 edt 
700 1 |a MAJCHRÁK, J.  |4 edt 
910 |a 8919  |b P051523 
919 |a 80-88935-80-6 
974 |a cvti cvti  |f Knihy neprofilové  |b cvti cvti 
992 |a AIM 
997 |h WINISIS 
999 |c 286815  |d 286815